Current medical diagnosis & treatment / (Record no. 8276)

MARC details
000 -LEADER
fixed length control field 00944cam a22002898a 4500
001 - CONTROL NUMBER
control field 17552909
003 - CONTROL NUMBER IDENTIFIER
control field OSt
005 - DATE AND TIME OF LATEST TRANSACTION
control field 20240320111216.0
008 - FIXED-LENGTH DATA ELEMENTS--GENERAL INFORMATION
fixed length control field 121205s2013 nyu b 001 0 eng
010 ## - LIBRARY OF CONGRESS CONTROL NUMBER
LC control number 2012048764
020 ## - INTERNATIONAL STANDARD BOOK NUMBER
International Standard Book Number 0838513751
035 ## - SYSTEM CONTROL NUMBER
System control number (DNLM)101597214
040 ## - CATALOGING SOURCE
Original cataloging agency DNLM/DLC
Transcribing agency DLC
042 ## - AUTHENTICATION CODE
Authentication code pcc
082 ## - DEWEY DECIMAL CLASSIFICATION NUMBER
Classification number WB 141
Item number C762c 1989
245 00 - TITLE STATEMENT
Title Current medical diagnosis & treatment /
Statement of responsibility, etc. edited by STierney,M. Lawrence ... [et al.].
250 ## - EDITION STATEMENT
Edition statement 33rd.ed
260 ## - PUBLICATION, DISTRIBUTION, ETC. (IMPRINT)
Place of publication, distribution, etc. New York :
Name of publisher, distributor, etc. appleton and lange
Date of publication, distribution, etc. 1989
300 ## - PHYSICAL DESCRIPTION
Extent 1417p. ;
Dimensions 15 cm.
Other physical details ill :
504 ## - BIBLIOGRAPHY, ETC. NOTE
Bibliography, etc Includes bibliographical references and index.
650 12 - SUBJECT ADDED ENTRY--TOPICAL TERM
Topical term or geographic name as entry element Diagnosis
Form subdivision Problems and Exercises.
9 (RLIN) 10472
650 12 - SUBJECT ADDED ENTRY--TOPICAL TERM
Topical term or geographic name as entry element Therapeutics
Form subdivision Problems and Exercises.
9 (RLIN) 10473
700 1# - ADDED ENTRY--PERSONAL NAME
Personal name Schroeder, Steven A...[etal]
9 (RLIN) 10474
730 0# - ADDED ENTRY--UNIFORM TITLE
Uniform title Current medical diagnosis & treatment.
9 (RLIN) 10475
906 ## - LOCAL DATA ELEMENT F, LDF (RLIN)
a 7
b cbc
c orignew
d 1
e ecip
f 20
g y-gencatlg
942 ## - ADDED ENTRY ELEMENTS (KOHA)
Source of classification or shelving scheme Other/Generic Classification Scheme
Koha item type Open Shelf
Holdings
Withdrawn status Lost status Source of classification or shelving scheme Damaged status Not for loan Home library Current library Date acquired Source of acquisition Inventory number Total Checkouts Full call number Barcode Date last seen Price effective from Koha item type
    Other/Generic Classification Scheme     MUST Main Library MUST Main Library 20/03/2024 Purchase 9371   WB 141 C762c 1989 2024-0093 20/03/2024 20/03/2024 Open Shelf